|
|
|
|
| LEADER |
00700nam a2200205Ia 4500 |
| 008 |
240829s9999 xx 000 0 und d |
| 020 |
|
|
|a 978-9942-01-58
|
| 040 |
|
|
|a BIBLIOTECA-RUPAP 621.4368 M843d
|
| 041 |
|
|
|a spa
|
| 082 |
|
|
|a 621.4368 M843d
|
| 100 |
1 |
|
|a Morero Sánchez, Gabriel Felipe
|
| 245 |
1 |
0 |
|a Motores diésel manual de mantenimiento y reparación tomo2
|
| 260 |
|
|
|a Colombia
|b Diseli
|c 2008
|
| 300 |
|
|
|a 124 p. :il.
|
| 650 |
7 |
|
|a MOTOR DISEL - MOTOR GASOLINA - DIFERENCIAS MECANICAS
|
| 650 |
7 |
|
|b MOTORES DIESEL - SENSORES
|
| 650 |
7 |
|
|c MOTORES DIESEL - LUBRICACION - SISTEMAS ALTERNOS. I. Castro Moreno, Luis Gabriel, coaut. II. Tít.
|
| 942 |
|
|
|c BK
|2 ddc
|
| 991 |
|
|
|a TEXTO
|
| 999 |
|
|
|c 9466
|